000
00209 a2200097 4500
001
46817
100
_a
Rochford L
245
_a
I chose the sky
260
_a
London
_b
William kimber
_c
090
_c
29908
_d
29908
942
_a
NUST-CAE
_c
M
_c
22122
999
_c
281890
_d
281890